Responses for Show #8058 - Wednesday, September 25, 2019

Jason Zuffranieri game 19.

Contestants

[<< previous game]

Gairen Wallace, a technology consultant from Goffstown, New Hampshire

Ted Berg, a sportswriter from New York, New York

Jason Zuffranieri, a math teacher from Albuquerque, New Mexico (whose 18-day cash winnings total $502,096)

[next game >>]

Jeopardy! Round responses

NEW DINER SLANG FOR SANDWICHES
GETTING TO THE AIRPORT
STADIUM STUFF
THE FRENCH & INDIAN WAR
YOU DID IT!
"MAN" UP
(Alex: "M-A-N" coming up in each correct response.)
    $200 18
a sub

Jason
    $200 28
Denver

Gairen
    $200 26
(Gairen: What is 2024?)

2028

JasonGairen
    $200 29
Seven Years' War

Ted
    $200 30
Michelle Obama

Gairen
    $200 27
a manatee

Gairen
    $400 17
a club

Ted
    $400 23
the BART

Ted
    $400 15
Soldier Field

Jason
    $400 12
Pittsburgh

Ted
    $400 24
Google

Ted
    $3,000 25
(Alex: Yes, indeed, Neil Armstrong.)

mankind

Ted
    $600 14
Monte Cristo

Jason
    $600 3
Boston

Jason
    $600 11
Sweden

Gairen
    $600 20
the Cajuns

Ted
    $600 21
(Tiger) Woods

Jason
    $600 22
manslaughter

Ted
    $800 13
a Reuben

Triple Stumper
    $800 10
McCarran Airport

Jason
    $800 8
Death Valley

Gairen
    $800 19
Iroquois

Jason
    $800 6
Economics

Jason
    $800 4
manganese

Jason
    $1000 2
Pilgrim

Gairen
    $1000 9
Gatwick

Gairen
    $1000 7
Roland-Garros

Jason
    $1000 16
Spain

Ted
    $1000 5
(Frank) Gehry

Jason
    $1000 1
mansard

Ted

Scores at the first commercial break (after clue 15):

Jason Ted Gairen
$6,000 $1,400 $3,400

Scores at the end of the Jeopardy! Round:

Jason Ted Gairen
$7,800 $8,000 $3,800

Double Jeopardy! Round responses

SWEAR IN THE BIBLE
SIGNS & SYMBOLS
BOOKS ABOUT CHINA
WORLD CAPITAL BIRTHPLACES
WORDS FROM NATIVE AMERICAN LANGUAGES
NON-GENEVA CONVENTIONS
    $400 30
Jacob

Jason
    $400 29
the bishop

Ted
    $400 28
Mao

Jason
    $400 23
Tokyo

Gairen
    $400 26
skunk

Ted
    $400 27
Europe

Gairen
    $800 15
(Gairen: What is mouth?)

tongue

JasonGairen
    $800 13
fallout shelter

Gairen
    $800 22
Crouching Tiger

Jason
    $800 4
Rome

Jason
    $800 25
hurricane

Ted
    $800 24
copyrights

Jason
    $1200 9
Peter

Gairen
    $1200 7
lily

Gairen
    $1200 21
concubine

Jason
    $1200 3
Madrid

Gairen
    $1200 12
Quechua

Jason
    $1200 16
Endangered Species

Triple Stumper
    $1600 8
Abraham

Gairen
    $1600 6
horn (trumpet)

Triple Stumper
    $1600 20
Shanghai

Jason
    $1600 1
Athens

Jason
    $1600 14
squash

Ted
    $4,000 18
the Articles of Confederation

Jason
    $2000 10
Baal

Jason
    $2000 5
Hermes

Ted
    $5,000 11
Kissinger

Jason
    $2000 2
Jerusalem

Gairen
    $2000 19
Chinook

Jason
    $2000 17
Federalist Party

Triple Stumper

Scores at the end of the Double Jeopardy! Round:

Jason Ted Gairen
$30,400 $13,200 $11,800
(lock game)

[wagering suggestions for these scores]

Final Jeopardy! Round responses

NATURAL GEOGRAPHIC FEATURES
(Alex: It would help immensely if you knew of Mark Twain's travels.)
...
(Alex: [To Gairen] No, that will not do it for 1866.)
...
(Alex: [To Ted] Mount Vesuvius in Italy; no.)
...
(Alex: [To Jason] We're talking about Hawaii, the Big Island--[*], the eruptions last year.)
GairenWhat is Old Faithful?
$11,799
TedWhat is Mt. Vesuvius
$10,401
JasonWhat is Old Faithful?
$0
Mount KÄ«lauea

Final scores:

Jason Ted Gairen
$30,400 $2,799 $1
19-day champion: $532,496 2nd place: $2,000 3rd place: $1,000

Game dynamics:

Coryat scores:

Jason Ted Gairen
$25,000 $10,600 $11,800
26 R
(including 2 DDs),
0 W
15 R
(including 1 DD),
0 W
15 R,
2 W

Combined Coryat: $47,400

[game clues] [game scores] [suggest correction]

Game tape date: 2019-08-06
The J! Archive is created by fans, for fans. Scraping, republication, monetization, and malicious use prohibited; this site may use cookies and collect identifying information. See terms. The Jeopardy! game show and all elements thereof, including but not limited to copyright and trademark thereto, are the property of Jeopardy Productions, Inc. and are protected under law. This website is not affiliated with, sponsored by, or operated by Jeopardy Productions, Inc. Join the discussion at JBoard.tv.